Statistics for NFL Football Top Four Teams

Click here to take the quiz!

General Stats

  • This quiz has been taken 100 times
    (41 since last reset)
  • The average score is 22 of 25

Answer Stats

Answer% Correct
Baltimore Ravens
100%
Detroit Lions
100%
Kansas City Chiefs
100%
Los Angeles Rams
100%
New England Patriots
100%
Philadelphia Eagles
100%
San Francisco 49ers
100%
Tampa Bay Buccaneers
100%
Buffalo Bills
94%
Carolina Panthers
94%
Cincinnati Bengals
94%
Denver Broncos
94%
New York Jets
94%
Atlanta Falcons
88%
New York Giants
88%
Pittsburgh Steelers
88%
Seattle Seahawks
88%
Green Bay Packers
81%
Jacksonville Jaguars
81%
Chicago Bears
75%
Minnesota Vikings
75%
Tennessee Titans
75%
Arizona Cardinals
63%
Indianapolis Colts
63%
New Orleans Saints
56%

Score Distribution

Percentile by Number Answered

Percent of People with Each Score

Your Score History

You have not taken this quiz since the last reset